Election Years by County Map - Statistics

General Stats
  • This quiz has been taken 33 times
  • The average score is 29 of 39
Answer Stats
Picture Answer % Correct
1912
85%
1932
85%
1936
85%
1972
85%
1984
85%
1924
81%
1964
81%
1968
81%
1940
78%
1948
78%
1992
78%
2008
78%
2020
78%
1880
74%
1916
74%
1952
74%
1956
74%
1960
74%
2004
74%
2016
74%
2024
74%
1872
70%
1888
70%
1904
70%
1928
70%
1980
70%
1988
70%
1996
70%
2012
70%
1884
67%
1892
67%
1896
67%
1900
67%
1920
67%
1944
67%
2000
67%
1876
63%
1908
63%
1976
63%
No matching quizzes found
Score Distribution
Percent of People with Each Score
Percentile by Number Answered
Your Score History
You have not taken this quiz